[Event "Titled Tue 20th Feb Late"]
[Site "chess.com INT"]
[Date "2024.02.20"]
[Round "11"]
[White "Andreikin, D."]
[Black "Melkumyan, H."]
[Result "1-0"]
[WhiteElo "2729"]
[BlackElo "2640"]
[PlyCount "147"]
[EventDate "2024.02.20"]

1. Nf3 c5 2. g3 Nc6 3. Bg2 e5 4. c4 Nf6 5. Nc3 g6 6. d3 Bg7 7. Bg5 d6 8. Nd2 h6 9. Bxf6 Bxf6 10. Nde4 Bg7 11. Nb5 $146 ({RR} 11. Nd5 f5 12. Nec3 O-O 13. O-O Rb8 14. Rb1 Bd7 15. a3 b6 16. b4 Be8 17. e3 Kh7 18. b5 Ne7 19. a4 g5 20. a5 bxa5 21. Nxe7 Qxe7 22. Nd5 Qd8 23. Ra1 e4 24. Ra2 exd3 25. Qxd3 Bg6 {El Mchaouri Mas,Y (2207)-Riff,J (2499) Playchess.com INT 2021 1-0 (62)}) 11... Bf8 12. O-O Be7 13. Qd2 f5 14. Nec3 a6 15. Na3 Kf7 16. Nd5 Kg7 17. Rab1 Be6 18. Nc2 a5 19. a3 a4 20. b4 axb3 21. Rxb3 Ra7 22. Rfb1 Bc8 23. Nb6 Be6 24. Qc1 h5 25. Bd5 Bxd5 26. Nxd5 Na5 27. Rb5 h4 28. Qe3 hxg3 29. hxg3 Bg5 30. Qf3 Qd7 31. Ne1 Bd8 32. Qg2 Kf8 33. Nf3 Qh7 34. Nd2 Nc6 35. e3 Qd7 36. R5b3 Rh7 37. Nc3 Na5 38. R3b2 g5 39. Qd5 g4 40. e4 f4 41. gxf4 exf4 42. e5 dxe5 43. Qxe5 f3 44. Qxc5+ Qe7 45. Nde4 Nc6 46. Nd5 Qxc5 47. Nxc5 Nd4 48. Re1 Rxa3 49. Rbb1 Ne2+ 50. Rxe2 fxe2 51. Ne6+ Ke8 52. Nef4 Bg5 53. Re1 Kf8 54. Ne6+ Kg8 55. Nxg5 Rh6 56. Rxe2 Rxd3 57. Re8+ Kg7 58. Ne4 Rd4 59. Ng3 Rxc4 60. Nf5+ Kf7 61. Re7+ Kg6 62. Nxh6 Kxh6 63. Rxb7 Kg5 64. Kg2 Rd4 65. Rb5 Kh4 66. Ne3 Rf4 67. Nf5+ Kg5 68. Ng3+ Kg6 69. Re5 Rf8 70. Re4 Kg5 71. Ra4 Kh4 72. Nf1 Rg8 73. Ne3 Rg7 74. Nf5+ 1-0

[Event "Bundesliga 2023-24"]
[Site "Viernheim GER"]
[Date "2024.02.25"]
[Round "11.4"]
[White "Mamedyarov, S."]
[Black "Laurent-Paoli, Pierre"]
[Result "1-0"]
[WhiteElo "2734"]
[BlackElo "2533"]
[PlyCount "113"]
[EventDate "2023.10.21"]
[WhiteTeam "SC Viernheim"]
[BlackTeam "SC Oetigheim"]

1. Nf3 d5 2. b3 Nf6 3. Bb2 e6 4. c4 b6 5. g3 Bb7 6. Bg2 Nbd7 7. O-O Be7 8. cxd5 exd5 9. Nd4 O-O 10. Nf5 Re8 $146 ({RR} 10... Bc5 11. d4 Bb4 12. a3 Be7 13. Nc3 Re8 14. Nxe7+ Rxe7 15. b4 Nf8 16. b5 Ne6 17. a4 c5 18. bxc6 Bxc6 19. Ba3 Rc7 20. Nb5 Rd7 21. Rc1 Rc8 22. e3 Bxb5 23. axb5 Rdc7 24. Rxc7 Rxc7 25. Qb1 {Kachiani Gersinska,K (2353)-Mueller,M (2246) Germany 2014 ½-½ (64)}) 11. Nxe7+ Qxe7 12. Nc3 Rab8 13. d4 Ne4 14. Qc2 Ndf6 15. Rac1 c6 16. Nd1 Qe6 17. f3 Nd6 18. Re1 Rbd8 19. Nf2 h5 20. e4 dxe4 21. fxe4 Ng4 22. h3 Nxf2 23. Qxf2 f5 24. d5 cxd5 25. exd5 Qf7 26. Rxe8+ Nxe8 27. Qd2 Rd7 28. Re1 Nd6 29. Rf1 Qg6 30. Qf4 Qf7 31. Qe5 Ba6 32. Rf4 Bd3 33. g4 hxg4 34. hxg4 Be4 35. Bxe4 Nxe4 36. Qb8+ Qf8 37. Qxf8+ Kxf8 38. Rxf5+ Kg8 39. Kg2 Nd6 40. Re5 Nf7 41. Re8+ Kh7 42. Kf3 a5 43. Rf8 Ng5+ 44. Ke3 Rxd5 45. Rf5 Rxf5 46. gxf5 g6 47. Kf4 Nh3+ 48. Ke5 gxf5 49. Kxf5 b5 50. Bd4 a4 51. b4 Kh6 52. Kg4 Kg6 53. Kxh3 Kf5 54. Kg3 Ke4 55. Bc5 a3 56. Kf2 Kd3 57. Kf3 1-0

[Event "ch-Moscow Open Superfinal"]
[Site "Ershovo RUS"]
[Date "2024.02.27"]
[Round "7.1"]
[White "Nikitenko, M."]
[Black "Zakhartsov, Vl"]
[Result "1-0"]
[WhiteElo "2532"]
[BlackElo "2504"]
[PlyCount "133"]
[EventDate "2024.02.23"]

1. Nf3 {Bulletin} d5 2. e3 Nf6 3. c4 e6 4. d4 c5 5. Nc3 Nc6 6. a3 dxc4 7. Bxc4 a6 8. dxc5 ({RR} 8. Bd3 cxd4 9. exd4 Be7 10. O-O O-O 11. Bc2 b6 12. Re1 Ra7 13. Qd3 Rd7 14. Be3) 8... Qxd1+ 9. Kxd1 Bxc5 10. b4 Bd6 ({RR} 10... Be7 11. Bb2 b5 12. Bd3 Bb7 13. Ke2 O-O {½-½ (13) Hort,V (2620)-Ljubojevic,L (2605) Bugojno 1978 MCL [Bulletin]}) ({RR} 10... Ba7 11. Ke2 b5 12. Bd3 Ke7 13. Bb2 Bb7 14. Rac1 Rac8 15. Rhd1 Rhd8 16. Ne4 Nxe4 17. Bxe4 g6 18. Rxd8 Nxd8 19. Rxc8 Bxc8 20. g4 Bb7 21. Bd3 f5 22. g5 Nf7 23. Bf6+ Kd7 24. Nd2 e5 25. Bc2 {Rasulov,V (2536)-Haug,H (2308) chess.com INT 2024 0-1 (47)}) 11. Bb2 b5 12. Bd3 Bb7 13. Rc1 $146 ({RR} 13. Ne4 Nxe4 14. Bxe4 Nd8 15. Bxb7 Nxb7 16. Ke2 f6 17. Rac1 Kd7 18. Rhd1 Rhc8 19. Nd4 Rxc1 20. Bxc1 Rc8 21. f4 Nd8 22. g3 Ke7 23. Bb2 Nc6 24. Nb3 Nb8 25. Rd2 Nd7 {½-½ (25) Berger,J-Wolf,H Karlovy Vary 1907}) 13... Ke7 14. Ne4 Nxe4 15. Bxe4 Nd8 16. Bxb7 Nxb7 17. Bxg7 Rhg8 18. Be5 Rxg2 19. Ke2 Rgg8 20. Rc6 Rgc8 21. Rhc1 Kd7 22. Rxc8 Rxc8 23. Rxc8 Kxc8 24. Bf6 Kd7 25. Ng5 h5 26. Nxf7 Bxh2 27. f4 Bg3 28. Ne5+ Kd6 29. Kf3 h4 30. e4 a5 31. Nd3 Kc7 32. Kg4 axb4 33. axb4 Nd6 34. Nc5 Bf2 35. Nxe6+ Kd7 36. Ng5 Be1 37. e5 Nc4 38. e6+ Ke8 39. Bd4 Bxb4 40. f5 Be7 41. f6 Bxf6 42. Bxf6 b4 43. Ne4 b3 44. Nc3 b2 45. Nb1 Nd6 46. Bxh4 Ne4 47. Kf5 Nc5 48. Bf6 Nd3 49. Ke4 Nc5+ 50. Kd5 Nd3 51. Kd6 Nf4 52. Bxb2 Nxe6 53. Kxe6 Kd8 54. Be5 Kc8 55. Nc3 Kb7 56. Kd6 Kb6 57. Bd4+ Kb7 58. Be5 Ka6 59. Kc6 Ka5 60. Bd6 Ka6 61. Nd5 Ka5 62. Nb6 Ka6 63. Bb8 Ka5 64. Nd5 Ka4 65. Kc5 Kb3 66. Nb4 Kc3 67. Bf4 1-0

[Event "Titled Tue 27th Feb Early"]
[Site "chess.com INT"]
[Date "2024.02.27"]
[Round "3"]
[White "Andreikin, D."]
[Black "Postny, E."]
[Result "1-0"]
[WhiteElo "2729"]
[BlackElo "2597"]
[PlyCount "69"]
[EventDate "2024.02.27"]

1. Nf3 d5 2. c4 c6 3. e3 Nf6 4. Nc3 g6 5. d4 Bg7 6. Be2 O-O 7. O-O a6 8. h3 b5 ({RR} 8... e6 9. b3 Nbd7 10. Ba3 Re8 11. Rc1 b6 12. Nd2 Bb7 13. Bf3 e5 14. Re1 e4 15. Be2 Nf8 16. Bb2 Ne6 17. a4 h5 18. b4 Rc8 19. b5 axb5 20. axb5 c5 21. dxc5 Nxc5 22. Na4 Nfd7 23. Bxg7 {Aronian,L (2756)-Yu,Y (2736) Riga 2019 ½-½ (63)}) 9. b3 Bf5 10. Ba3 $146 ({RR} 10. Bb2 Ne4 11. Ne5 Nxc3 12. Bxc3 Be6 13. cxb5 cxb5 14. Nd3 Nd7 15. a4 Bf5 16. axb5 axb5 17. Bb4 Re8 18. Nc5 Nxc5 19. Bxc5 Bd7 20. Rxa8 Qxa8 21. Qa1 e6 22. Qc3 Qb7 23. Ra1 Ra8 24. Ra5 Bf6 {Rustemov,A (2525)-McCoy,O (2085) chess.com INT 2024 1-0 (42)}) 10... Re8 11. Rc1 Qa5 12. Bc5 Nbd7 13. b4 Qd8 14. cxd5 cxd5 15. Ne5 Nxe5 16. dxe5 Nd7 17. f4 Nxc5 18. bxc5 Qa5 19. Nxd5 Rad8 20. c6 Qxa2 21. Bf3 e6 22. c7 exd5 23. cxd8=Q Rxd8 24. Ra1 Qc4 25. Rxa6 Bf8 26. Be2 Qb4 27. Qd4 Qxd4 28. exd4 b4 29. Rb6 Rc8 30. Bf3 Rc4 31. Rd1 Bc2 32. Bxd5 Rc3 33. Ra1 b3 34. Ra7 b2 35. Rxb2 1-0

[Event "Titled Tue 27th Feb Early"]
[Site "chess.com INT"]
[Date "2024.02.27"]
[Round "6"]
[White "Pranav, V."]
[Black "Madaminov, Mukhiddin"]
[Result "1-0"]
[WhiteElo "2611"]
[BlackElo "2512"]
[PlyCount "127"]
[EventDate "2024.02.27"]

1. Nf3 Nf6 2. g3 e6 3. Bg2 d5 4. O-O Be7 5. d3 O-O 6. Nbd2 c5 7. e4 Nc6 8. Re1 b5 9. e5 Nd7 10. Nf1 a5 11. h4 b4 12. N1h2 Bb7 ({RR} 12... Re8 13. h5 h6 14. Ng4 Bf8 15. Bf4 a4 16. a3 bxa3 17. bxa3 Rb8 18. Ne3 Bb7 19. c4 dxc4 20. Nxc4 Nb6 21. Nxb6 Qxb6 22. Qxa4 Ra8 23. Qc2 Ra6 24. Reb1 Qa7 25. Be3 Ba8 26. Qc3 Rd8 27. Nd2 {Svidler,P (2727)-Karjakin,S (2762) Baku 2015 1-0 (58)}) 13. h5 Qc7 $146 ({RR} 13... c4 14. h6 g6 15. d4 a4 16. a3 Qb6 17. axb4 Qxb4 18. c3 Qb3 19. Qd2 Rfb8 20. Ng4 Nd8 21. Ra3 Qb6 22. Qf4 Bc8 23. Ng5 Rb7 24. Re3 Qc7 25. Rf3 f5 26. exf6 Bf8 27. f7+ Kh8 28. Ne5 {Srihari,L (2360)-Jval Saurin Patel (2002) Madurai IND 2024 1-0 (31)}) 14. h6 g6 15. Ng4 Rfc8 16. Bf4 Qd8 17. c3 a4 18. a3 bxc3 19. bxc3 Ba6 20. Bf1 Na5 21. Qxa4 c4 22. Qd1 cxd3 23. Bxd3 Bxd3 24. Qxd3 Nc5 25. Qe2 Ne4 26. a4 Nb3 27. Rad1 Nxc3 28. Qd3 Nxd1 29. Qxb3 Nc3 30. Kg2 Rab8 31. Qc2 Ne4 32. Qe2 Rb4 33. Ra1 Rbc4 34. Ne3 Nc3 35. Qc2 Nxa4 36. Nxc4 Rxc4 37. Qb3 Nc5 38. Qb1 Ra4 39. Rxa4 Nxa4 40. Nd4 Qe8 41. Qb7 Nc5 42. Qc7 Nd3 43. Be3 Qd8 44. Qb7 Nxe5 45. Bf4 Nd3 46. Nc6 Nc5 47. Qa7 Qd7 48. Nxe7+ Kf8 49. Qxc5 f6 50. Nc6+ Kf7 51. Qa7 Qxa7 52. Nxa7 e5 53. Bc1 Ke6 54. Kf3 d4 55. Nb5 Kd5 56. Nc7+ Kc4 57. Ne8 f5 58. Nf6 Kd3 59. Nxh7 e4+ 60. Kg2 Kc2 61. Bg5 e3 62. fxe3 d3 63. e4 fxe4 64. Nf6 1-0

[Event "Titled Tue 27th Feb Late"]
[Site "chess.com INT"]
[Date "2024.02.27"]
[Round "6"]
[White "Vachier Lagrave, M."]
[Black "Terry, R."]
[Result "1-0"]
[WhiteElo "2732"]
[BlackElo "2522"]
[PlyCount "175"]
[EventDate "2024.02.27"]

1. Nf3 d5 2. g3 Nf6 3. Bg2 c6 4. O-O Bg4 5. h3 Bxf3 6. Bxf3 e5 7. d3 Nbd7 8. Nd2 ({RR} 8. e4 dxe4 9. dxe4 Be7 10. Nd2 O-O 11. a4 a5 12. Qe2 Qc7 13. Nc4 Nc5 14. h4 Rfd8 15. Kg2 Ne6 16. c3 b5 17. Ne3 b4 18. Nf5 Bf8 19. Qc4 Qb6 20. Bg5 Qc5 21. Qxc5 Bxc5 22. Bxf6 gxf6 {Carlsen,M (2835)-Zierk,S (2488) chess.com INT 2023 1-0 (50)}) ({RR} 8. e4 dxe4 9. dxe4 Be7 10. Nd2 O-O 11. a4 Qc7 12. Qe2 Rfe8 13. Nc4 Nb6 14. Ne3 g6 15. a5 Nbd7 16. Nc4 b5 17. axb6 axb6 18. Bh6 Bf8 19. Bg5 Kg7 20. h4 Nc5 21. h5 h6 22. Be3 g5 {Elgar,T (2152)-Manisse,P Daventry ENG 2025 1-0 (49)}) 8... Nc5 9. Bg2 a5 $146 ({RR} 9... Ne6 10. e4 dxe4 11. dxe4 Bc5 12. c3 a5 13. Nc4 Qc7 14. Bg5 Nxg5 {0-1 (14) Tokhirjonova,G (2378)-Nguyen,N (2641) Chess.com INT 2020}) 10. c3 Bd6 11. Qc2 O-O 12. e4 dxe4 13. dxe4 Bc7 14. Nc4 Qd3 15. Qxd3 Nxd3 16. Bg5 b5 17. Ne3 Nxb2 18. Bxf6 gxf6 19. Nf5 Kh8 20. Rab1 Na4 21. Rfc1 Rfd8 22. Rc2 Rd7 23. Bf3 Rad8 24. Bh5 Kg8 25. Rbc1 Kf8 26. Kf1 Rd2 27. Ke1 R2d7 28. Be2 Bb6 29. h4 Bc5 30. Rb1 Be7 31. f3 Bc5 32. Bf1 Ba7 33. Be2 Nc5 34. Kf1 Rd2 35. Rxd2 Rxd2 36. Rd1 Rxd1+ 37. Bxd1 Nd3 38. Bc2 Nb2 39. Ke2 Bc5 40. Nh6 a4 41. Nf5 Nc4 42. Bd3 Nb6 43. Bc2 Na8 44. Bd3 Nc7 45. Bc2 Ne6 46. Bd1 Ba3 47. Bc2 Bc1 48. Kd1 Bb2 49. Kd2 Nc5 50. Ne3 Na6 51. Nd1 Ba3 52. Ne3 Nc7 53. Nf5 Ne6 54. Ke2 Nc5 55. Kd2 Na6 56. Ke2 Be7 57. Kd2 Nc7 58. Ke2 Na8 59. Kd2 Nb6 60. Bd3 Ba3 61. Kc2 Ke8 62. Ng7+ Kd8 63. Nf5 Bf8 64. Kd2 Kd7 65. Kc2 Kc7 66. Be2 Nd7 67. f4 exf4 68. gxf4 Nc5 69. Bh5 Nxe4 70. Bxf7 Nc5 71. h5 h6 72. Nd4 Kd7 73. Bg6 Kd6 74. Bf5 Kc7 75. Bg4 Bd6 76. Bf3 Bxf4 77. Bxc6 Be5 78. Bxb5 Kb6 79. Bc4 a3 80. Nf5 Ne4 81. Nxh6 Ng3 82. Bf7 f5 83. Bg6 f4 84. Ng4 Bh8 85. h6 f3 86. Bd3 Kc5 87. h7 Kd6 88. Kd2 1-0

[Event "Titled Tue 27th Feb Late"]
[Site "chess.com INT"]
[Date "2024.02.27"]
[Round "7"]
[White "Makarian, Rudik"]
[Black "Mekhitarian, K."]
[Result "1-0"]
[WhiteElo "2525"]
[BlackElo "2554"]
[PlyCount "71"]
[EventDate "2024.02.27"]

1. Nf3 d5 2. c4 d4 3. b4 c5 4. b5 Qc7 5. g3 e5 6. d3 h6 7. Bg2 Nf6 8. O-O Bd6 9. a4 a5 10. e4 $146 ({RR} 10. Ra2 O-O 11. e4 dxe3 12. Bxe3 Bf5 13. Nc3 Nbd7 14. Rd2 Rad8 15. Nh4 Bg4 16. Bf3 Be6 17. Re1 Rfe8 18. Be4 Bf8 19. Qf3 Nxe4 20. Nxe4 b6 21. g4 f6 22. Nf5 Be7 23. Kh1 Nf8 24. Neg3 Bc8 {Anton Guijarro,D (2665)-Mekhitarian,K (2560) chess.com INT 2024 0-1 (40)}) 10... dxe3 11. fxe3 O-O 12. Nc3 Re8 13. Nh4 Bg4 14. Nd5 Bxd1 15. Nxc7 Bxc7 16. Rxd1 Ra7 17. Bb2 b6 18. d4 Nbd7 19. Re1 g6 20. Bc6 Re7 21. Nf3 Bd6 22. Kg2 Rc7 23. Rad1 exd4 24. exd4 Rxe1 25. Rxe1 cxd4 26. Bxd4 Bb4 27. Re2 Bc5 28. Bc3 Kf8 29. Nd2 Be7 30. Nb3 Nb8 31. Be5 Rc8 32. Nd4 Nfd7 33. Bf4 Nc5 34. Bxh6+ Kg8 35. Rxe7 Nxa4 36. Bd5 1-0

[Event "Titled Tue 27th Feb Late"]
[Site "chess.com INT"]
[Date "2024.02.27"]
[Round "8"]
[White "Melkumyan, H."]
[Black "Gokerkan, Cem Kaan"]
[Result "1-0"]
[WhiteElo "2640"]
[BlackElo "2523"]
[PlyCount "75"]
[EventDate "2024.02.27"]

1. Nf3 g6 2. d4 Bg7 3. e4 d6 4. Bc4 e6 5. O-O a6 6. a4 ({RR} 6. Re1 Nf6 7. e5 dxe5 8. Nxe5 O-O 9. Bg5 h6 10. Bh4 c5 11. Qf3 cxd4 12. Nd2 Nbd7 13. Nxf7 Rxf7 14. Bxe6 Nf8 15. Bxf7+ Kxf7 16. Ne4 g5 17. Bg3 Bg4 18. Nd6+ Kg8 19. Qxb7 N8d7 20. Qb3+ Kh7 {Kramnik,V (2769)-Caruana,F (2829) London 2014 1-0 (47)}) ({RR} 6. Qe2 b5 7. Bb3 Bb7 8. Bg5 Ne7 9. Nbd2 h6 10. Be3 O-O 11. c3 Nd7 12. Rfe1 Nf6 13. Bc2 Ng4 14. Bf4 e5 15. dxe5 dxe5 16. Bg3 Nc6 17. h3 Nf6 18. Nxe5 Re8 19. Nef3 Nh5 20. Bh2 b4 {Wendt,J (2262)-Fernandez Madrid,C (2050) chess.com INT 2025 0-1 (69)}) 6... Nd7 7. c3 $146 ({RR} 7. Qe2 b6 8. Nc3 Bb7 9. Re1 Ne7 10. e5 d5 11. Bd3 c5 12. Qe3 O-O 13. Nd1 Qc7 14. c3 b5 15. Qg5 Nb6 16. axb5 c4 17. Bc2 axb5 18. Rxa8 Rxa8 19. Ne3 Nc6 20. Ng4 Qe7 21. Nf6+ Kh8 {Marina Santana,C (1518)-Melendez Lopez,E (1442) San Juan 2017 1-0}) 7... Ne7 8. Be3 h6 9. Qd2 g5 10. Bd3 Ng6 11. b4 b6 12. Na3 O-O 13. Nc4 f5 14. exf5 exf5 15. Qc2 Ne7 16. Rfe1 Nf6 17. b5 axb5 18. axb5 Rxa1 19. Rxa1 Bb7 20. Qd1 Ne4 21. Ra3 Nd5 22. Bxe4 fxe4 23. Nfd2 Qe8 24. Ra7 Qb8 25. Ra3 Qe8 26. Qb3 Kh8 27. Nf1 Qf7 28. Qb2 Nf4 29. Ncd2 Nd3 30. Qa2 Bd5 31. c4 Bb7 32. Ra7 Bc8 33. Nxe4 Bf5 34. Nxd6 Qe6 35. Nxf5 Qxf5 36. Rxc7 Nc1 37. Bxc1 Bxd4 38. Be3 1-0

[Event "ch-IND Rapid 2023-24"]
[Site "Nashik IND"]
[Date "2024.03.06"]
[Round "9.1"]
[White "Ghosh, D."]
[Black "Raja, Rithvik R"]
[Result "1-0"]
[WhiteElo "2559"]
[BlackElo "2532"]
[PlyCount "101"]
[EventDate "2024.03.04"]
[EventType "rapid"]

1. Nf3 d5 2. g3 Nf6 3. Bg2 c5 4. O-O g6 5. c4 Bg7 6. Qa4+ Nc6 7. Ne5 Qd6 8. cxd5 Nxd5 9. Nc4 Qd8 10. Nc3 e6 11. Ne3 Nde7 $146 ({RR} 11... O-O 12. Nexd5 exd5 13. Nxd5 Re8 14. e4 Bd7 15. d3 Nb4 16. Qb3 a5 17. Be3 a4 18. Qd1 Nxd5 19. exd5 Bxb2 20. Rb1 a3 21. Bxc5 Qa5 22. d4 Bf5 23. d6 b6 24. Bxa8 Rxa8 25. Qf3 bxc5 26. dxc5 {Maletin,P (2575)-Sychev,K (2543) Sochi RUS 2024 ½-½ (32)}) 12. Ne4 Qd4 13. Nc4 O-O 14. d3 Rb8 15. Ned6 Qf6 16. Be3 Nd4 17. Bxd4 Qxd4 18. Qxa7 Bd7 19. Nxb7 Nc6 20. Qa6 Nb4 21. Qd6 Qxd6 22. Nbxd6 Nc2 23. Rac1 Nd4 24. Rfe1 Rfd8 25. Ne4 Bb5 26. b3 Ra8 27. Nc3 Ra7 28. e3 Bxc4 29. dxc4 Nf5 30. Na4 Rd2 31. a3 Bb2 32. Rcd1 Rxd1 33. Rxd1 Bxa3 34. Be4 Kf8 35. Bxf5 gxf5 36. Rd8+ Kg7 37. Rb8 Rd7 38. Rb5 Rd3 39. Kf1 Bb4 40. Ke2 Rd2+ 41. Kf3 Rd3 42. h3 h5 43. g4 hxg4+ 44. hxg4 fxg4+ 45. Kxg4 f5+ 46. Kg5 Rd2 47. Nxc5 Bxc5 48. Rxc5 Rxf2 49. Rc7+ Kg8 50. b4 Rf3 51. b5 1-0

[Event "Titled Tue 5th Mar Early"]
[Site "chess.com INT"]
[Date "2024.03.05"]
[Round "9"]
[White "Lagarde, Max"]
[Black "Alekseenko, K."]
[Result "1-0"]
[WhiteElo "2638"]
[BlackElo "2650"]
[PlyCount "121"]
[EventDate "2024.03.05"]

1. Nf3 d5 2. e3 Nf6 3. b3 e6 4. Bb2 Bd6 5. c4 O-O 6. g3 Nc6 ({RR} 6... b6 7. Bg2 Bb7 8. O-O Nbd7 9. Qe2 Qe7 10. d3 c5 11. Nc3 a6 12. Rfd1 Rac8 13. Nh4 Bb8 14. cxd5 exd5 15. d4 Qe6 16. Qf1 cxd4 17. exd4 g6 18. Re1 Qd6 19. Qd3 Rfe8 20. Rac1 Nf8 21. Nf3 {Nakamura,H (2802)-Niemann,H (2733) Paris FRA 2024 1-0 (52)}) ({RR} 6... c5 7. cxd5 exd5 8. Bg2 Nc6 9. O-O Bf5 10. d4 c4 11. Nc3 a6 12. a4 Bb4 13. Ne5 Rc8 14. bxc4 dxc4 15. Nxc6 bxc6 16. Re1 Re8 17. Rc1 Bd3 18. Bf1 Bxf1 19. Rxf1 Qd7 20. Na2 Bd6 21. Rxc4 {Sonis,F (2565)-Shankland,S (2670) chess.com INT 2025 0-1 (54)}) 7. d4 Ne4 $146 ({RR} 7... dxc4 8. Bxc4 b6 9. O-O Bb7 10. Nbd2 Qe7 11. Nh4 Na5 12. Bd3 c5 13. dxc5 Bxc5 14. Qb1 h6 15. Ne4 Nxe4 16. Bxe4 Rfd8 17. Bxb7 Nxb7 18. Qe4 Nd6 19. Qg4 Qg5 20. Qf3 Nf5 21. Nxf5 Qxf5 22. Qxf5 {Liu,Y (2516)-Wang,S (2302) Daqing 2018 1-0 (96)}) 8. Nbd2 Nxd2 9. Qxd2 dxc4 10. bxc4 Qf6 11. Bg2 e5 12. O-O exd4 13. Nxd4 Ne5 14. Rac1 Qg6 15. c5 Be7 16. c6 b6 17. Nb5 Nd3 18. Nxc7 Nxc1 19. Rxc1 Rb8 20. Nd5 Bd6 21. c7 Rb7 22. Nf6+ gxf6 23. Qxd6 f5 24. Qxg6+ hxg6 25. Bxb7 Bxb7 26. Rd1 Rc8 27. Rd8+ Kh7 28. f4 b5 29. Kf2 a5 30. Ke2 b4 31. Kd3 a4 32. Rxc8 Bxc8 33. Kc4 b3 34. a3 Kg8 35. Kb5 Kf8 36. Kxa4 Ke8 37. Kxb3 Kd7 38. Be5 f6 39. Bxf6 Kxc7 40. Kc4 Kc6 41. Kd4 Kd6 42. e4 fxe4 43. Kxe4 Bb7+ 44. Kd4 Bc6 45. Bd8 Bd7 46. Bg5 Be8 47. Kc4 Bd7 48. Kb4 Kc6 49. a4 Bg4 50. a5 Be2 51. Kc3 Kd5 52. Kd2 Ba6 53. Ke3 Bb5 54. g4 Ba6 55. Kf3 Bb7 56. Kg3 Ke4 57. h4 Ba6 58. h5 gxh5 59. gxh5 Kf5 60. h6 Kg6 61. Kf3 1-0

[Event "Titled Tue 5th Mar Early"]
[Site "chess.com INT"]
[Date "2024.03.05"]
[Round "11"]
[White "Lagarde, Max"]
[Black "Yilmaz, M."]
[Result "1-0"]
[WhiteElo "2638"]
[BlackElo "2641"]
[PlyCount "83"]
[EventDate "2024.03.05"]

1. Nf3 c5 2. e3 Nf6 3. b3 g6 4. Bb2 Bg7 5. c4 O-O 6. Be2 Nc6 7. O-O b6 8. Nc3 Bb7 9. Rc1 d5 10. Nxd5 Nxd5 11. Bxg7 Kxg7 12. cxd5 Qxd5 13. Qc2 Rad8 $146 ({RR} 13... Ne5 14. Rfd1 Nxf3+ 15. Bxf3 Qd7 16. d4 Bxf3 17. gxf3 Qd5 18. Qe4 Qxe4 19. fxe4 cxd4 20. Rxd4 Rfc8 21. Rxc8 Rxc8 22. Rd7 a5 23. Rxe7 Rc2 24. Rb7 Rxa2 25. Rxb6 a4 26. Kg2 Rb2 27. b4 a3 28. Kf3 {Miltner,A (2367)-Fiderer,L (2193) Germany 2010 ½-½ (60)}) 14. Rfd1 e5 15. d3 a5 16. a3 Ba6 17. Qb2 f6 18. Nd2 Bxd3 19. Nc4 e4 20. Nxb6 Qe5 21. Qxe5 Nxe5 22. Bxd3 Rxd3 23. Rxd3 Nxd3 24. Rc3 Rb8 25. Na4 c4 26. Rxc4 Rxb3 27. g4 f5 28. gxf5 gxf5 29. Rc3 Rb1+ 30. Kg2 Kf6 31. Nc5 Ne5 32. Rb3 Rc1 33. Rb6+ Kf7 34. Rb7+ Kg6 35. Ne6 Nf3 36. Kg3 Kf6 37. Rb6 Rg1+ 38. Kh3 Ke5 39. Nf4 Ng5+ 40. Kh4 Rg4+ 41. Kh5 Rxf4 42. Rb5+ 1-0

[Event "Titled Tue 5th Mar Early"]
[Site "chess.com INT"]
[Date "2024.03.05"]
[Round "11"]
[White "Nakamura, Hi"]
[Black "Antipov, M2."]
[Result "1-0"]
[WhiteElo "2789"]
[BlackElo "2573"]
[PlyCount "99"]
[EventDate "2024.03.05"]

1. Nf3 d5 2. b3 c5 3. e3 Nf6 4. Bb2 a6 5. d4 cxd4 ({RR} 5... Nc6 6. dxc5 e6 7. c4 Bxc5 8. cxd5 exd5 9. Be2 O-O 10. O-O Ba7 11. Nc3 d4 12. exd4 Nxd4 13. Nxd4 Bxd4 14. Bf3 Rb8 15. Qd2 Bg4 16. Bxg4 Nxg4 17. Qf4 Qf6 18. Qg3 Rbd8 19. Ne4 Qf5 20. Bxd4 {Nakamura,H (2750)-Vidit,S (2723) Chess.com INT 2022 ½-½ (37)}) 6. Nxd4 g6 ({RR} 6... e6 7. Be2 Bb4+ 8. c3 Bd6 9. c4 dxc4 10. Bxc4 Bb4+ 11. Bc3 Bxc3+ 12. Nxc3 b5 13. Be2 Bb7 14. Bf3 Qe7 15. O-O O-O 16. Rc1 Rd8 17. Qe2 Bxf3 18. Qxf3 Ra7 19. a4 b4 20. Ne4 Nd5 21. Qg3 {Rasulov,V (2536)-Rastbod,A (2221) chess.com INT 2024 1-0 (39)}) ({RR} 6... e5 7. Nf3 e4 8. Nd4 Nc6 9. Nd2 Bd6 10. c4 O-O 11. cxd5 Nxd5 12. Nxc6 bxc6 13. Be2 Qh4 14. g3 Qh3 15. Bf1 Qe6 16. Bg2 f5 17. O-O Bb4 18. Nc4 Rd8 19. Qc2 a5 20. Rfd1 Ba6 21. a3 {Nakamura,H (2794)-Yoo,C (2599) chess.com INT 2024 1-0 (33)}) 7. c4 dxc4 $146 ({RR} 7... Bg7 8. Nc3 O-O 9. Rc1 Bg4 10. f3 e5 11. Nc2 Be6 12. cxd5 Nxd5 13. Nxd5 Bxd5 14. Nb4 Qh4+ 15. Ke2 Bxf3+ 16. gxf3 Qxb4 17. Rc4 Qa5 18. Qa1 Rd8 19. Bc3 Qd5 20. Kf2 Nc6 21. h4 b5 22. Rg4 {Zajarnyi,A (2285)-Goczo,M (2232) Mukachevo 2013 0-1}) 8. Bxc4 Bg7 9. O-O O-O 10. Be2 Bd7 11. Bf3 Qb6 12. Nd2 Rd8 13. Rc1 Be8 14. Ba3 e5 15. Nc4 Qc7 16. Nd6 Qe7 17. Nxb7 Qxa3 18. Nxd8 exd4 19. Bxa8 dxe3 20. Rc8 Nbd7 21. Bc6 Qe7 22. fxe3 Bf8 23. Bf3 Ne5 24. Nc6 Bxc6 25. Bxc6 Kg7 26. Qd4 h5 27. h3 Qe6 28. Bb7 Bd6 29. Rc2 Qe7 30. Bxa6 Bb8 31. Qc5 Bd6 32. Qb6 Ned7 33. Qd4 Be5 34. Qd3 Bb8 35. Qd4 Be5 36. Qd3 Nc5 37. Rxc5 Qxc5 38. Bc4 Bc7 39. Qd4 Qe7 40. Qxf6+ Qxf6 41. Rxf6 Kxf6 42. b4 Bd6 43. b5 Bc5 44. Kf2 Ke7 45. a4 Bb6 46. Kf3 f5 47. h4 Kf6 48. g3 g5 49. Bd3 Ba5 50. Kf2 1-0

[Event "Titled Tue 5th Mar Late"]
[Site "chess.com INT"]
[Date "2024.03.05"]
[Round "8"]
[White "Indjic, A."]
[Black "Rustemov, A."]
[Result "1-0"]
[WhiteElo "2595"]
[BlackElo "2525"]
[PlyCount "87"]
[EventDate "2024.03.05"]

1. Nf3 d5 2. c4 c6 3. d3 dxc4 4. dxc4 Qxd1+ 5. Kxd1 Nf6 6. Nc3 Na6 $146 ({RR} 6... g6 7. e3 Bg7 8. Bd3 O-O 9. Ke2 Nbd7 10. Bd2 Ng4 11. b3 Nde5 12. Nxe5 Nxe5 13. Bc2 b5 14. cxb5 cxb5 15. Rac1 Rd8 16. Be4 Rb8 17. Nd5 e6 18. Ne7+ Kh8 19. Nxc8 Rdxc8 20. Rxc8+ Rxc8 21. Rc1 {Buldrova,M-Sysel,J Plzen 1997 1-0 (46)}) 7. h3 Bf5 8. g4 Rd8+ 9. Bd2 Bg6 10. Ne5 e6 11. Nxg6 hxg6 12. Bg2 Bd6 13. a3 Nc5 14. Kc2 Be5 15. Rad1 Ke7 16. b4 Ncd7 17. Be3 a6 18. Na4 Rhe8 19. Bd2 Bc7 20. g5 Nh5 21. e3 Ne5 22. c5 Nd3 23. Rhf1 Rd7 24. Be4 Red8 25. Bc3 Ne5 26. Rxd7+ Rxd7 27. Rg1 Rd8 28. Nb2 Kf8 29. f4 Nd7 30. Nc4 Ke7 31. Bf3 Nf8 32. h4 Nd7 33. Bxh5 gxh5 34. Bxg7 Rg8 35. Bc3 Rg6 36. Rd1 Rg8 37. a4 Rd8 38. Rf1 Ke8 39. e4 Nf8 40. Bf6 Rd7 41. f5 exf5 42. exf5 Bg3 43. Rf3 Bxh4 44. Re3+ 1-0

[Event "Titled Tue 12th Mar Early"]
[Site "chess.com INT"]
[Date "2024.03.12"]
[Round "3"]
[White "Nakamura, Hi"]
[Black "Zakhartsov, Vl"]
[Result "1-0"]
[WhiteElo "2789"]
[BlackElo "2504"]
[PlyCount "97"]
[EventDate "2024.03.12"]

1. Nf3 c5 2. b3 d5 3. e3 a6 4. Bb2 Nc6 5. d4 Bg4 6. Nbd2 ({RR} 6. Be2 Bxf3 7. Bxf3 cxd4 8. exd4 e6 9. O-O Nf6 10. c4 Be7 11. Na3 O-O 12. Nc2 Qd7 13. Qe2 Rfd8 14. Rfd1 Bf8 15. Ne3 g6 16. a3 a5 17. Rac1 Ne7 18. g3 Bg7 19. Rc2 a4 20. b4 dxc4 {Artemiev,V (2716)-Carlsen,M (2863) chess24.com INT 2020 ½-½ (78)}) 6... cxd4 7. exd4 e6 8. Bd3 $146 ({RR} 8. a3 Bd6 9. h3 Bh5 10. Be2 Nge7 11. Ne5 Bxe2 12. Qxe2 Bxe5 13. dxe5 O-O 14. O-O Rc8 15. Nf3 Nf5 16. Rfd1 Qb6 17. Rac1 Rfd8 18. Kh2 h6 19. Rd3 a5 20. g4 Nfe7 21. g5 h5 22. Nh4 Ng6 {Waldhausen Gordon,F (2405)-Ter Sahakyan,S (2611) chess.com INT 2025 0-1 (57)}) ({RR} 8. a3 Bd6 9. Bd3 Nf6 10. h3 Bh5 11. O-O O-O 12. Qe1 Bg6 13. Qe3 Bxd3 14. Qxd3 Qc7 15. Rfe1 Rac8 16. Re2 Ne7 17. c4 b6 18. Ne5 Ng6 19. Qf3 a5 20. g3 dxc4 21. Ndxc4 b5 22. Nxd6 Qxd6 {Afanasiev,N (2533)-Zakhartsov,V (2523) St Petersburg RUS 2023 ½-½ (40)}) 8... Rc8 9. a3 Nf6 10. O-O Bd6 11. c4 O-O 12. h3 Bh5 13. Re1 Bf4 14. Nf1 Re8 15. Be2 Ne4 16. c5 a5 17. N3d2 Bg6 18. Nxe4 dxe4 19. Bc4 Ne7 20. Nd2 Bxd2 21. Qxd2 Rxc5 22. d5 Nf5 23. Rxe4 b5 24. Bf1 Rxd5 25. Qc3 e5 26. Rae1 Nd4 27. Rg4 f6 28. a4 Qc8 29. axb5 Qxc3 30. Bxc3 Nxb5 31. Bxa5 Nd6 32. b4 Bf5 33. Rg3 Kf7 34. Rc3 Re7 35. Bb6 Rb7 36. Ba5 Be6 37. Rc6 Rd4 38. Ba6 Rd7 39. Rec1 Ne4 40. Rc7 Rxc7 41. Rxc7+ Kg6 42. Rc1 Nd6 43. Be2 Bc4 44. Bd1 Nb5 45. Bb6 Re4 46. Bc2 Bd5 47. f3 Nc3 48. Bxe4+ Bxe4 49. Rxc3 1-0